Central Library OPAC University of Rajshahi

Liberal nationalism in Egypt : (Record no. 42569)

MARC details
000 -LEADER
fixed length control field 00729nam a2200253 a 4500
001 - CONTROL NUMBER
control field 42569
003 - CONTROL NUMBER IDENTIFIER
rucl marc code BD-RjUL
005 - DATE AND TIME OF LATEST TRANSACTION
control field 20211209053547.0
008 - FIXED-LENGTH DATA ELEMENTS--GENERAL INFORMATION
fixed length control field 160611s1967 ii 00000 eng d
035 ## - SYSTEM CONTROL NUMBER
System control number (BD-RjUL)42687
System control number 2039109
040 ## - CATALOGING SOURCE
Original cataloging agency ANL
Language of cataloging eng
Modifying agency ANL
Transcribing agency BD-RjUL
041 ## - LANGUAGE CODE
Language code of text/sound track or separate title eng
082 0# - DEWEY DECIMAL CLASSIFICATION NUMBER
Classification number 320.962
Edition number 23
Author mark and year CUL 1967
100 1# - MAIN ENTRY--PERSONAL NAME
Personal name Quraishi, Zaheer Masood
9 (RLIN) 130879
245 10 - TITLE STATEMENT
Title Liberal nationalism in Egypt :
Remainder of title rise and fall of the Wafd party /
Statement of responsibility, etc. Zaheer Masood Quraishi
250 ## - EDITION STATEMENT
Edition statement [1st ed.].
260 ## - PUBLICATION, DISTRIBUTION, ETC. (IMPRINT)
Place of publication, distribution, etc. Allahabad :
Name of publisher, distributor, etc. Kilab Mahal,
Date of publication, distribution, etc. 1967
300 ## - PHYSICAL DESCRIPTION
Pagination vi, 245 p. ;
Size 23 cm.
504 ## - BIBLIOGRAPHY, ETC. NOTE
Bibliography, etc Bibliography: p. [234]-240.
650 ## - SUBJECT ADDED ENTRY--TOPICAL TERM
Topical term or geographic name as entry element Wafd al-Misri
9 (RLIN) 130880
942 ## - ADDED ENTRY ELEMENTS (KOHA)
Source of classification or shelving scheme Dewey Decimal Classification
Koha item type Books
Holdings
Lost status Source of classification or shelving scheme Damaged status Not for loan Collection code Permanent Location Current Location Shelving location Date acquired Source of acquisition Cost, normal purchase price Total Checkouts Full call number Date last seen Copy number Koha item type
  Dewey Decimal Classification     Non-fiction Central Library, University of Rajshahi Central Library, University of Rajshahi   21/06/1974 India govt. 0.00   320.962 CUL 1967 14/06/2016 C-2 Books